[Event "Glorney Gilbert International 2017 - Gilbert"]
[Site "Daventry, England"]
[Date "2017.07.24"]
[Round "1.1"]
[White "Kalavala, Nayana"]
[Black "Mirza, Diana"]
[Result "0-1"]
[BlackElo "1919"]
[WhiteElo "1303"]
[LiveChessVersion "1.4.6"]

1. e4 c5 2. Nf3 e6 3. d4 cxd4 4. Nxd4 Nc6 5. Nc3 Qc7 6. Be3 a6 7. Be2 Bb4 8. a3
Be7 9. O-O Nf6 10. Qd2 b5 11. b4 Bb7 12. f3 O-O 13. Rad1 Rac8 14. f4 Nb8 15. Nb1
Nxe4 16. Qd3 f5 17. Nd2 Nc3 18. Rc1 Nxe2+ 19. Qxe2 Nc6 20. Qh5 Rf6 21. Qe2 Nxd4
22. Bxd4 Rg6 23. Rf2 Bh4 24. g3 Qc6 25. Nf3 Bxg3 26. hxg3 Rxg3+ 27. Rg2 Qxf3 28.
Qxf3 Rxf3 29. Rxg7+ Kf8 30. Rxd7 Bd5 31. Rxh7 Rg3+ 32. Kh2 Rg2+ 33. Kh3 Rcxc2 34.
Rxc2 Rxc2 35. Bc5+ Kg8 36. Ra7 Rc3+ 37. Kh2 Rxa3 38. Bd6 Bc4 39. Kg1 Ra2 40. Kh1
Bd5+ 41. Kg1 Bb3 42. Kf1 Bd5 43. Kg1 Bf3 44. Kf1 Bh5 45. Kg1 Bf7 46. Be5 Kf8 47.
Ra8+ Be8 48. Ra7 Bc6 49. Bd6+ Ke8 50. Re7+ Kd8 51. Ra7 Rd2 52. Be5 Ra2 53. Bd6
Be4 54. Kf1 Rd2 55. Be5 Bd3+ 56. Ke1 Re2+ 57. Kd1 Ra2 58. Bd6 Kc8 59. Rc7+ Kd8
60. Ra7 Bc4 61. Ke1 Bb3 62. Kf1 Rd2 63. Be5 Ra2 64. Bd6 Bc4+ 65. Ke1 Bd5 66. Kf1
Rc2 67. Rxa6 Kd7 68. Be5 Rc4 69. Bd6 Bc6 70. Be5 Rxb4 71. Ra7+ Kd8 72. Rc7 Bd5
73. Rc1 Rb3 74. Rc2 Bc4+ 75. Ke1 Kd7 76. Kd2 Kc6 77. Kd1 Kc5 78. Bg7 Kd5 79. Be5
Ke4 80. Kd2 Bd3 81. Rc3 Rb2+ 82. Kc1 Rf2 83. Rc6 Bc4 84. Kb1 Rxf4 85. Bxf4 Kxf4
86. Kc1 Ke3 87. Kd1 f4 88. Rc8 f3 89. Rxc4 bxc4 90. Ke1 c3 91. Kd1 f2
{[%clk 1:30:30]} 0-1

[Event "Glorney Gilbert International 2017 - Gilbert"]
[Site "Daventry, England"]
[Date "2017.07.24"]
[Round "1.2"]
[White "Ferguson, Dayna"]
[Black "Govindaraj, Neya"]
[Result "1-0"]
[BlackElo "1318"]
[WhiteElo "1451"]
[LiveChessVersion "1.4.6"]

1. d4 {[%clk 1:30:58]} Nf6 {[%clk 1:30:57]} 2. c4 {[%clk 1:31:22]} g6
{[%clk 1:31:24]} 3. Nc3 {[%clk 1:31:46]} Bg7 {[%clk 1:31:50]} 4. e4
{[%clk 1:32:08]} d6 {[%clk 1:32:17]} 5. h3 {[%clk 1:32:34]} Nbd7 {[%clk 1:31:25]}
6. Nf3 {[%clk 1:32:57]} c5 {[%clk 1:30:46]} 7. d5 {[%clk 1:32:36]} O-O
{[%clk 1:29:57]} 8. Be3 {[%clk 1:31:53]} Qa5 {[%clk 1:27:09]} 9. Qd2
{[%clk 1:30:10]} Rb8 {[%clk 1:20:50]} 10. Bd3 {[%clk 1:29:10]} a6
{[%clk 1:12:29]} 11. O-O {[%clk 1:24:37]} b5 {[%clk 1:09:12]} 12. Rfe1
{[%clk 1:08:19]} bxc4 {[%clk 1:02:21]} 13. Bxc4 {[%clk 0:56:58]} Qb4
{[%clk 0:52:36]} 14. Qe2 {[%clk 0:55:52]} Qxb2 {[%clk 0:48:52]} 15. Qxb2
{[%clk 0:56:07]} Rxb2 {[%clk 0:49:11]} 16. Bb3 {[%clk 0:56:19]} c4
{[%clk 0:46:00]} 17. Bc1 {[%clk 0:53:18]} Rxb3 {[%clk 0:42:27]} 18. axb3
{[%clk 0:53:17]} Nxd5 {[%clk 0:39:56]} 19. Nxd5 {[%clk 0:46:19]} Bxa1
{[%clk 0:38:57]} 20. Nxe7+ {[%clk 0:46:32]} Kg7 {[%clk 0:37:47]} 21. bxc4
{[%clk 0:46:12]} Bf6 {[%clk 0:37:07]} 22. Nd5 {[%clk 0:46:07]} Bb7
{[%clk 0:36:16]} 23. Ba3 {[%clk 0:44:02]} Rc8 {[%clk 0:33:52]} 24. Rb1
{[%clk 0:39:48]} Bxd5 {[%clk 0:31:12]} 25. cxd5 {[%clk 0:40:00]} Be5
{[%clk 0:28:43]} 26. Kf1 {[%clk 0:29:56]} Rc4 {[%clk 0:25:27]} 27. Nxe5
{[%clk 0:27:09]} dxe5 {[%clk 0:25:21]} 28. Rb4 {[%clk 0:26:16]} Rxb4
{[%clk 0:23:53]} 29. Bxb4 {[%clk 0:26:39]} g5 {[%clk 0:22:49]} 30. Ke2
{[%clk 0:26:33]} Kg6 {[%clk 0:22:25]} 31. g4 {[%clk 0:25:44]} h5 {[%clk 0:20:38]}
32. Kd3 {[%clk 0:25:40]} hxg4 {[%clk 0:20:26]} 33. hxg4 {[%clk 0:26:05]} f6
{[%clk 0:18:51]} 34. Kc3 {[%clk 0:25:34]} Kf7 {[%clk 0:18:41]} 35. Kb3
{[%clk 0:25:41]} Ke8 {[%clk 0:18:29]} 36. Ka4 {[%clk 0:25:30]} Nb6+
{[%clk 0:14:03]} 37. Ka5 {[%clk 0:25:40]} Nc4+ {[%clk 0:13:52]} 38. Kxa6
{[%clk 0:25:53]} Kd7 {[%clk 0:13:48]} 39. Kb7 {[%clk 0:24:37]} Nb2
{[%clk 0:13:39]} 40. Bc5 {[%clk 0:21:37]} Nd3 {[%clk 0:13:14]} 41. Kb6
{[%clk 0:21:43]} Nb2 {[%clk 0:12:25]} 42. Kb5 {[%clk 0:17:09]} Nd3
{[%clk 0:11:41]} 43. Kc4 {[%clk 0:17:02]} Ne1 {[%clk 0:11:21]} 44. Kc3
{[%clk 0:15:29]} Nf3 {[%clk 0:11:07]} 45. Kd3 {[%clk 0:14:04]} Nh2
{[%clk 0:11:25]} 46. Ke3 {[%clk 0:13:28]} Nxg4+ {[%clk 0:11:22]} 47. Kf3
{[%clk 0:13:53]} Nh2+ {[%clk 0:10:54]} 48. Kg2 {[%clk 0:14:18]} Ng4
{[%clk 0:11:13]} 49. Bf8 {[%clk 0:14:18]} Ke8 {[%clk 0:10:09]} 50. Bg7
{[%clk 0:14:00]} Kf7 {[%clk 0:08:26]} 51. d6 {[%clk 0:13:58]} f5 {[%clk 0:08:14]}
52. d7 {[%clk 0:13:26]} Ke7 {[%clk 0:08:23]} 53. exf5 {[%clk 0:13:33]} e4
{[%clk 0:06:57]} 54. Kg3 {[%clk 0:13:48]} e3 {[%clk 0:05:32]} 55. f6+
{[%clk 0:11:48]} Kd8 {[%clk 0:02:07]} 56. fxe3 {[%clk 0:11:57]} Ne5
{[%clk 0:01:53]} 57. Bh6 {[%clk 0:11:45]} Kxd7 {[%clk 0:01:40]} 58. Bxg5
{[%clk 0:12:03]} Ke6 {[%clk 0:01:41]} 59. Kf4 {[%clk 0:10:17]} Nd7
{[%clk 0:00:43]} 60. Ke4 {[%clk 0:10:34]} Nc5+ {[%clk 0:00:36]} 61. Kd4
{[%clk 0:10:41]} Nd7 {[%clk 0:00:50]} 62. e4 {[%clk 0:10:56]} Nxf6
{[%clk 0:00:38]} 63. Bxf6 {[%clk 0:11:03]} Kxf6 {[%clk 0:01:01]} 64. Kd5
{[%clk 0:11:29]} Kf7 {[%clk 0:01:05]} 65. Kd6 {[%clk 0:11:49]} Ke8
{[%clk 0:01:15]} 66. Ke6 {[%clk 0:12:09]} Kd8 {[%clk 0:01:33]} 67. Kf7
{[%clk 0:12:33]} 1-0

[Event "Glorney Gilbert International 2017 - Gilbert"]
[Site "Daventry, England"]
[Date "2017.07.24"]
[Round "1.3"]
[White "Lutchman-Singh, Aishwarya"]
[Black "Ni Mhuireagain, Eibhia"]
[Result "0-1"]
[BlackElo "1482"]
[WhiteElo "1417"]
[LiveChessVersion "1.4.6"]

1. d4 {[%clk 1:30:57]} d5 {[%clk 1:30:53]} 2. Nf3 {[%clk 1:31:21]} Nf6
{[%clk 1:30:54]} 3. Bf4 {[%clk 1:31:43]} e6 {[%clk 1:30:56]} 4. e3
{[%clk 1:31:56]} a6 {[%clk 1:25:36]} 5. Nbd2 {[%clk 1:31:11]} c5 {[%clk 1:23:14]}
6. c3 {[%clk 1:28:40]} Nc6 {[%clk 1:21:56]} 7. Ne5 {[%clk 1:28:25]} Qb6
{[%clk 1:08:02]} 8. Qb3 {[%clk 1:28:08]} Qxb3 {[%clk 1:07:51]} 9. axb3
{[%clk 1:28:28]} Nh5 {[%clk 1:03:31]} 10. Nxc6 {[%clk 1:24:25]} Nxf4
{[%clk 1:02:32]} 11. exf4 {[%clk 1:23:52]} bxc6 {[%clk 1:02:38]} 12. Nf3
{[%clk 1:23:23]} cxd4 {[%clk 0:57:02]} 13. cxd4 {[%clk 1:21:24]} c5
{[%clk 0:52:45]} 14. Bb5+ {[%clk 1:21:12]} Kd8 {[%clk 0:52:05]} 15. Ne5
{[%clk 1:20:42]} Bb7 {[%clk 0:45:44]} 16. Bxa6 {[%clk 1:18:44]} Rxa6
{[%clk 0:44:17]} 17. Rxa6 {[%clk 1:19:06]} Bxa6 {[%clk 0:44:37]} 18. Nxf7+
{[%clk 1:19:15]} Ke8 {[%clk 0:44:40]} 19. Nxh8 {[%clk 1:18:40]} cxd4
{[%clk 0:35:59]} 20. Kd1 Bb4 {[%clk 0:33:04]} 21. h4 {[%clk 1:17:53]} Kf8
{[%clk 0:31:03]} 22. h5 {[%clk 1:16:49]} Kg8 {[%clk 0:30:22]} 23. Ng6
{[%clk 1:17:08]} hxg6 {[%clk 0:30:47]} 24. hxg6 {[%clk 1:17:33]} Bd3
{[%clk 0:30:59]} 25. g4 {[%clk 1:10:56]} Bxg6 26. Rh3 {[%clk 1:09:22]} Bd6
{[%clk 0:28:46]} 27. f5 {[%clk 1:08:43]} exf5 {[%clk 0:25:00]} 28. gxf5
{[%clk 1:08:51]} Bxf5 {[%clk 0:25:08]} 29. Rg3 {[%clk 1:09:01]} Bxg3
{[%clk 0:25:19]} 0-1

[Event "Glorney Gilbert International 2017 - Gilbert"]
[Site "Daventry, England"]
[Date "2017.07.24"]
[Round "1.4"]
[White "Graham, Cassie M"]
[Black "Beda, Salome"]
[Result "1/2-1/2"]
[BlackElo "1786"]
[WhiteElo "1874"]
[LiveChessVersion "1.4.6"]

1. e4 {[%clk 1:30:57]} e5 {[%clk 1:30:42]} 2. Nf3 {[%clk 1:31:22]} Nc6
{[%clk 1:30:43]} 3. Bc4 {[%clk 1:31:41]} Nf6 {[%clk 1:30:43]} 4. d4
{[%clk 1:31:53]} exd4 {[%clk 1:29:41]} 5. O-O {[%clk 1:31:46]} Nxe4
{[%clk 1:28:36]} 6. Re1 {[%clk 1:32:04]} d5 {[%clk 1:28:59]} 7. Bxd5
{[%clk 1:31:51]} Qxd5 {[%clk 1:29:21]} 8. Nc3 {[%clk 1:32:09]} Qa5
{[%clk 1:28:44]} 9. Nxe4 {[%clk 1:32:28]} Be6 {[%clk 1:28:10]} 10. Bd2
{[%clk 1:31:54]} Qd5 {[%clk 0:45:06]} 11. Bg5 {[%clk 1:27:43]} Be7
{[%clk 0:32:49]} 12. Bxe7 {[%clk 1:12:30]} Nxe7 {[%clk 0:30:45]} 13. Qxd4
{[%clk 1:08:49]} O-O {[%clk 0:29:58]} 14. Neg5 {[%clk 0:55:53]} Nc6
{[%clk 0:25:36]} 15. Qf4 {[%clk 0:34:46]} Rac8 {[%clk 0:20:07]} 16. Nxe6
{[%clk 0:33:31]} fxe6 {[%clk 0:20:29]} 17. Qe4 {[%clk 0:33:22]} Rf6
{[%clk 0:17:11]} 18. a3 {[%clk 0:26:26]} Qf5 {[%clk 0:13:58]} 19. Re2
{[%clk 0:23:45]} Rd8 {[%clk 0:12:15]} 20. Rae1 {[%clk 0:20:12]} Rd6
{[%clk 0:11:03]} 21. c4 {[%clk 0:10:17]} a5 {[%clk 0:10:12]} 22. Rc1
{[%clk 0:06:00]} Qc5 {[%clk 0:08:25]} 23. Qe3 {[%clk 0:05:12]} Qf5
{[%clk 0:08:31]} 24. Qe4 {[%clk 0:01:58]} Qc5 {[%clk 0:08:56]} 25. Qe3
{[%clk 0:02:12]} Qf5 {[%clk 0:07:23]} 26. Qe4 {[%clk 0:01:13]} 1/2-1/2

[Event "Glorney Gilbert International 2017 - Gilbert"]
[Site "Daventry, England"]
[Date "2017.07.24"]
[Round "1.5"]
[White "Toure, Shanthi"]
[Black "Green, Emily"]
[Result "1-0"]
[BlackElo "1716"]
[WhiteElo "1885"]
[LiveChessVersion "1.4.6"]

1. e4 e5 2. Nf3 Nc6 3. d4 exd4 4. Nxd4 Bc5 5. Nxc6 Qf6 6. Qf3 Qxc6 7. Nc3 Ne7 8.
Be3 Bxe3 9. Qxe3 O-O 10. O-O-O a6 11. f4 b5 12. Be2 Qe6 13. Kb1 Bb7 14. Qc5 Bc6
15. h4 d6 16. Qd4 Rfb8 17. Rh3 Kh8 18. h5 Qh6 19. Rf1 Bd7 20. g4 Nc6 21. Qe3 Rb7
22. Nd5 a5 23. Rg3 Qe6 24. f5 Qe5 25. h6 g6 26. fxg6 fxg6 27. Rgf3 Ne7 28. Rf7
Ng8 29. Rxd7 Re8 30. Rff7 Re7 31. Rdxe7 Nxe7 32. Rxe7 Qxe7 33. Nxe7 c5 34. Qc3#
1-0

[Event "Glorney Gilbert International 2017 - Gilbert"]
[Site "Daventry, England"]
[Date "2017.07.24"]
[Round "1.6"]
[White "Weaver, Lauren"]
[Black "Imperor, Amelie"]
[Result "1-0"]
[BlackElo "1819"]
[WhiteElo "1641"]
[LiveChessVersion "1.4.6"]

1. d4 Nf6 2. Nf3 e6 3. e3 c5 4. Bd3 Be7 5. O-O b6 6. Qe2 Bb7 7. Nbd2 O-O 8. b3
Nd5 9. a3 cxd4 10. Nxd4 Bf6 11. Ne4 Nf4 12. Nxf6+ Qxf6 13. exf4 Qxd4 14. Be3 Qd5
15. f3 Nc6 16. Rad1 Qh5 17. c4 Rad8 18. Qc2 d5 19. cxd5 exd5 20. Bf5 d4 21. Bc1
Rfe8 22. Rfe1 g6 23. Rxe8+ Rxe8 24. Bd7 Rd8 25. Bxc6 Rc8 26. Rxd4 Bxc6 27. Bb2
Bb7 28. Qxc8+ 1-0

[Event "Glorney Gilbert International 2017 - Gilbert"]
[Site "Daventry, England"]
[Date "2017.07.24"]
[Round "1.7"]
[White "Sivarajasingam, Shayanna"]
[Black "Hegde, Stuthi"]
[Result "1/2-1/2"]
[BlackElo "1499"]
[WhiteElo "1774"]
[LiveChessVersion "1.4.6"]

1. e4 {[%clk 1:30:59]} c5 {[%clk 1:30:56]} 2. Nf3 {[%clk 1:31:27]} Nc6
{[%clk 1:31:20]} 3. Bb5 {[%clk 1:31:54]} g6 {[%clk 1:31:38]} 4. O-O
{[%clk 1:31:02]} Bg7 {[%clk 1:31:14]} 5. c3 {[%clk 1:31:26]} e5 {[%clk 1:24:49]}
6. Re1 {[%clk 1:29:17]} Nge7 {[%clk 1:22:38]} 7. d3 {[%clk 1:27:03]} a6
{[%clk 1:20:26]} 8. Bxc6 {[%clk 1:27:02]} Nxc6 {[%clk 1:19:33]} 9. Be3
{[%clk 1:26:26]} d6 {[%clk 1:18:34]} 10. h3 {[%clk 1:26:30]} O-O {[%clk 1:17:06]}
11. Qd2 {[%clk 1:25:16]} f5 {[%clk 1:13:32]} 12. exf5 {[%clk 1:18:30]} Bxf5
{[%clk 1:12:55]} 13. Kh2 {[%clk 1:14:49]} Qc7 {[%clk 1:03:22]} 14. Ng5
{[%clk 0:43:09]} Rae8 {[%clk 0:57:48]} 15. Ne4 {[%clk 0:42:18]} b6
{[%clk 0:53:53]} 16. c4 {[%clk 0:36:05]} Nd4 {[%clk 0:49:37]} 17. Nbc3
{[%clk 0:33:40]} Bd7 {[%clk 0:43:24]} 18. Nd5 {[%clk 0:31:28]} Qb8
{[%clk 0:38:29]} 1/2-1/2

[Event "Glorney Gilbert International 2017 - Gilbert"]
[Site "Daventry, England"]
[Date "2017.07.24"]
[Round "1.8"]
[White "James, Dai"]
[Black "Fraser, Susanna"]
[Result "1-0"]
[BlackElo "1475"]
[WhiteElo "1832"]
[LiveChessVersion "1.4.6"]

1. f4 {[%clk 1:30:30]} d5 {[%clk 1:30:48]} 2. Nf3 {[%clk 1:30:47]} g6
{[%clk 1:30:45]} 3. g3 {[%clk 1:30:46]} Bg7 {[%clk 1:30:57]} 4. Bg2
{[%clk 1:30:32]} Nd7 {[%clk 1:29:44]} 5. O-O {[%clk 1:29:34]} Ndf6
{[%clk 1:29:42]} 6. h3 {[%clk 1:24:38]} h5 {[%clk 1:28:16]} 7. d3
{[%clk 1:23:13]} Nh6 {[%clk 1:28:01]} 8. Qe1 {[%clk 1:22:46]} Qd6
{[%clk 1:25:11]} 9. c3 {[%clk 1:22:08]} Bd7 {[%clk 1:24:15]} 10. Be3
{[%clk 1:12:18]} Nf5 {[%clk 1:23:15]} 11. Bf2 {[%clk 1:11:47]} O-O-O
{[%clk 1:20:42]} 12. e4 {[%clk 1:10:51]} dxe4 {[%clk 1:16:54]} 13. dxe4
{[%clk 1:10:19]} Bb5 {[%clk 1:15:20]} 14. exf5 {[%clk 1:09:59]} Bxf1
{[%clk 1:14:44]} 15. Qxf1 {[%clk 1:06:12]} Ne4 {[%clk 1:10:16]} 16. Na3
{[%clk 1:03:04]} Nxf2 {[%clk 1:09:21]} 17. Qxf2 {[%clk 1:03:00]} Kb8
{[%clk 1:05:38]} 18. Nc4 {[%clk 0:58:33]} Qd3 {[%clk 1:03:38]} 19. Nfe5
{[%clk 0:56:52]} Bxe5 {[%clk 1:02:26]} 20. Nxe5 {[%clk 0:56:54]} Qxf5
{[%clk 1:02:38]} 21. Qf3 {[%clk 0:53:56]} c6 {[%clk 1:01:03]} 22. Nxc6+
{[%clk 0:53:40]} bxc6 {[%clk 1:00:20]} 23. Qxc6 {[%clk 0:53:16]} Qc8
{[%clk 0:59:24]} 24. Qa8+ {[%clk 0:51:45]} Kc7 {[%clk 0:59:34]} 25. Qxa7+
{[%clk 0:50:53]} Kd6 {[%clk 0:59:33]} 26. Rd1+ {[%clk 0:51:00]} Ke6
{[%clk 0:59:42]} 27. Qe3+ {[%clk 0:51:05]} Kf6 {[%clk 0:59:26]} 28. Qe5#
{[%clk 0:51:26]} 1-0

[Event "Glorney Gilbert International 2017 - Gilbert"]
[Site "Daventry, England"]
[Date "2017.07.24"]
[Round "2.1"]
[White "Mirza, Diana"]
[Black "Toure, Shanthi"]
[Result "1-0"]
[BlackElo "1885"]
[WhiteElo "1919"]
[LiveChessVersion "1.4.6"]

1. e4 {[%clk 1:30:53]} e5 {[%clk 1:30:54]} 2. Nf3 {[%clk 1:31:19]} Nc6
{[%clk 1:31:12]} 3. Bc4 {[%clk 1:31:44]} Nf6 {[%clk 1:31:12]} 4. d3
{[%clk 1:32:08]} Be7 {[%clk 1:30:52]} 5. O-O {[%clk 1:32:25]} d6 {[%clk 1:31:16]}
6. a4 {[%clk 1:30:53]} O-O {[%clk 1:28:21]} 7. c3 {[%clk 1:29:47]} h6
{[%clk 1:27:47]} 8. h3 {[%clk 1:29:11]} Nh7 {[%clk 1:24:11]} 9. Na3
{[%clk 1:15:43]} a6 {[%clk 1:22:26]} 10. Nc2 {[%clk 1:15:57]} Ng5
{[%clk 1:17:13]} 11. Ne3 {[%clk 1:11:58]} Nxf3+ {[%clk 1:12:30]} 12. Qxf3
{[%clk 1:12:15]} Bg5 {[%clk 1:12:40]} 13. Nd5 {[%clk 1:04:48]} Bxc1
{[%clk 1:08:30]} 14. Raxc1 {[%clk 1:05:02]} Ne7 {[%clk 1:08:24]} 15. d4
{[%clk 1:04:12]} Nxd5 {[%clk 1:04:13]} 16. Bxd5 {[%clk 1:04:08]} c6
{[%clk 1:03:57]} 17. Bc4 {[%clk 1:00:27]} exd4 {[%clk 0:55:50]} 18. cxd4
{[%clk 1:00:47]} Qb6 {[%clk 0:55:37]} 19. Qc3 {[%clk 1:01:03]} Re8
{[%clk 0:54:49]} 20. a5 {[%clk 0:59:25]} Qd8 {[%clk 0:47:14]} 21. Rfe1
{[%clk 0:57:58]} Qf6 {[%clk 0:44:04]} 22. Re3 {[%clk 0:47:30]} Rf8
{[%clk 0:34:36]} 23. Rf3 {[%clk 0:38:10]} Qg6 {[%clk 0:29:13]} 24. Re1
{[%clk 0:36:54]} Kh8 {[%clk 0:23:50]} 25. e5 {[%clk 0:35:41]} d5 {[%clk 0:19:08]}
26. Bd3 {[%clk 0:35:40]} Qg5 {[%clk 0:19:02]} 27. Bc2 {[%clk 0:28:40]} Be6
{[%clk 0:04:42]} 28. Qd3 {[%clk 0:28:41]} g6 {[%clk 0:04:35]} 29. Qb3
{[%clk 0:25:06]} Rab8 {[%clk 0:04:24]} 30. Rf6 {[%clk 0:24:28]} Bd7
{[%clk 0:01:49]} 31. Re3 {[%clk 0:23:09]} Ra8 {[%clk 0:00:33]} 32. Ref3
{[%clk 0:20:19]} Be6 {[%clk 0:00:39]} 33. Bxg6 {[%clk 0:18:51]} Rg8
{[%clk 0:01:00]} 34. Rg3 {[%clk 0:18:56]} Qc1+ {[%clk 0:01:05]} 35. Kh2
{[%clk 0:19:19]} Rxg6 {[%clk 0:01:08]} 36. Rgxg6 {[%clk 0:19:32]} fxg6
{[%clk 0:01:33]} 37. Rxe6 {[%clk 0:19:26]} Qg5 {[%clk 0:00:55]} 38. Rf6
{[%clk 0:17:50]} Rb8 {[%clk 0:00:59]} 39. Qf3 {[%clk 0:17:40]} Rg8
{[%clk 0:00:43]} 40. Rf7 {[%clk 0:15:26]} Rg7 {[%clk 0:00:54]} 41. e6
{[%clk 0:15:27]} Qd8 {[%clk 0:00:43]} 42. Rf8+ {[%clk 0:15:21]} 1-0

[Event "Glorney Gilbert International 2017 - Gilbert"]
[Site "Daventry, England"]
[Date "2017.07.24"]
[Round "2.2"]
[White "Imperor, Amelie"]
[Black "Ferguson, Dayna"]
[Result "1-0"]
[BlackElo "1451"]
[WhiteElo "1819"]
[LiveChessVersion "1.4.6"]

1. e4 {[%clk 1:30:57]} c5 {[%clk 1:30:42]} 2. g3 {[%clk 1:31:12]} g6
{[%clk 1:31:04]} 3. Bg2 {[%clk 1:31:38]} Bg7 {[%clk 1:31:28]} 4. Nc3
{[%clk 1:32:00]} Nc6 {[%clk 1:31:53]} 5. d3 {[%clk 1:32:24]} d6 {[%clk 1:32:16]}
6. Be3 {[%clk 1:32:52]} e5 {[%clk 1:32:37]} 7. Qd2 {[%clk 1:33:08]} Be6
{[%clk 1:32:57]} 8. f4 {[%clk 1:33:19]} Nge7 {[%clk 1:32:35]} 9. Nf3
{[%clk 1:32:46]} O-O {[%clk 1:31:32]} 10. O-O {[%clk 1:32:50]} Nd4
{[%clk 1:31:36]} 11. Nd1 {[%clk 1:32:13]} Qd7 {[%clk 1:29:33]} 12. c3
{[%clk 1:29:37]} Nxf3+ {[%clk 1:28:06]} 13. Bxf3 {[%clk 1:27:53]} Nc6
{[%clk 1:25:21]} 14. fxe5 {[%clk 0:55:28]} Nxe5 {[%clk 1:22:14]} 15. d4
{[%clk 0:54:59]} cxd4 {[%clk 1:15:29]} 16. Bxd4 {[%clk 0:52:09]} Rfd8
{[%clk 1:13:29]} 17. Ne3 {[%clk 0:48:22]} Nxf3+ {[%clk 1:11:43]} 18. Rxf3
{[%clk 0:48:43]} d5 {[%clk 1:11:46]} 19. exd5 {[%clk 0:35:43]} Bxd4
{[%clk 1:10:36]} 20. dxe6 {[%clk 0:31:21]} Bxe3+ {[%clk 1:09:47]} 21. Qxe3
{[%clk 0:31:46]} Qxe6 {[%clk 1:08:39]} 22. Qxe6 {[%clk 0:31:31]} fxe6
{[%clk 1:09:00]} 23. Rf2 {[%clk 0:30:42]} Rd6 {[%clk 1:06:44]} 24. Re1
{[%clk 0:26:29]} Rad8 {[%clk 1:04:10]} 25. Kf1 {[%clk 0:23:22]} Kg7
{[%clk 0:59:22]} 26. c4 {[%clk 0:22:19]} a5 {[%clk 0:57:14]} 27. b3
{[%clk 0:19:48]} b6 {[%clk 0:54:53]} 28. Kg2 {[%clk 0:17:37]} Re8
{[%clk 0:49:39]} 29. Re5 {[%clk 0:16:47]} Rf8 {[%clk 0:48:50]} 30. Rfe2
{[%clk 0:16:31]} Kf6 {[%clk 0:47:18]} 31. c5 {[%clk 0:16:45]} bxc5
{[%clk 0:46:31]} 32. Rxc5 {[%clk 0:17:09]} Rd5 {[%clk 0:44:39]} 33. Rc7
{[%clk 0:14:27]} Rf7 {[%clk 0:42:52]} 34. Rc6 {[%clk 0:12:07]} Re7
{[%clk 0:42:23]} 35. Kf3 {[%clk 0:11:01]} h5 {[%clk 0:39:38]} 36. Rf2
{[%clk 0:09:51]} Kf5 {[%clk 0:34:05]} 37. Ke3+ {[%clk 0:08:59]} Ke5
{[%clk 0:34:20]} 38. Rf4 {[%clk 0:09:01]} g5 {[%clk 0:30:45]} 39. Re4+
{[%clk 0:08:53]} Kf5 {[%clk 0:30:55]} 40. h3 {[%clk 0:08:57]} Kf6
{[%clk 0:28:04]} 41. a3 {[%clk 0:07:42]} Rb5 {[%clk 0:24:34]} 42. b4
{[%clk 0:08:02]} axb4 {[%clk 0:24:56]} 43. axb4 {[%clk 0:08:30]} Re5
{[%clk 0:24:39]} 44. Rxe5 {[%clk 0:07:00]} Kxe5 {[%clk 0:25:03]} 45. Rc5+
{[%clk 0:07:25]} Kf6 {[%clk 0:25:17]} 46. Ke4 {[%clk 0:07:38]} Rb7
{[%clk 0:24:56]} 47. Rc4 {[%clk 0:06:30]} Rb5 {[%clk 0:24:21]} 48. g4
{[%clk 0:04:15]} hxg4 {[%clk 0:24:13]} 49. hxg4 {[%clk 0:04:39]} Re5+
{[%clk 0:24:26]} 50. Kd3 {[%clk 0:04:37]} Rd5+ {[%clk 0:23:17]} 51. Rd4
{[%clk 0:03:25]} Re5 {[%clk 0:18:41]} 52. Re4 {[%clk 0:03:46]} Rd5+
{[%clk 0:18:07]} 53. Kc4 {[%clk 0:04:10]} Rd1 {[%clk 0:18:13]} 54. b5
{[%clk 0:03:47]} Rc1+ {[%clk 0:18:10]} 55. Kb4 {[%clk 0:04:08]} Ke7
{[%clk 0:16:34]} 56. Ka5 {[%clk 0:03:27]} Kd6 {[%clk 0:16:07]} 57. Ka6
{[%clk 0:03:32]} Ra1+ {[%clk 0:15:06]} 58. Kb7 {[%clk 0:03:53]} Kd5
{[%clk 0:14:32]} 59. Rb4 {[%clk 0:03:24]} Kc5 {[%clk 0:14:49]} 60. Rb2
{[%clk 0:02:58]} Ra5 {[%clk 0:15:07]} 61. b6 {[%clk 0:03:18]} Kd6
{[%clk 0:14:25]} 62. Kb8 {[%clk 0:03:27]} e5 {[%clk 0:13:41]} 63. b7
{[%clk 0:03:46]} Rc5 {[%clk 0:07:35]} 64. Ka7 {[%clk 0:03:02]} Kc6
{[%clk 0:07:25]} 65. Rb6+ {[%clk 0:03:26]} 1-0

[Event "Glorney Gilbert International 2017 - Gilbert"]
[Site "Daventry, England"]
[Date "2017.07.24"]
[Round "2.3"]
[White "Ni Mhuireagain, Eibhia"]
[Black "Beda, Salome"]
[Result "0-1"]
[BlackElo "1786"]
[WhiteElo "1482"]
[LiveChessVersion "1.4.6"]

1. e4 {[%clk 1:30:58]} c5 {[%clk 1:30:44]} 2. c4 {[%clk 1:30:04]} Nc6
{[%clk 1:30:45]} 3. Nc3 {[%clk 1:30:15]} g6 4. d3 {[%clk 1:29:51]} Bg7
{[%clk 1:30:43]} 5. Nge2 {[%clk 1:29:31]} d6 {[%clk 1:29:39]} 6. g3
{[%clk 1:28:28]} Bg4 {[%clk 1:25:12]} 7. Bg2 {[%clk 1:20:19]} Nd4
{[%clk 1:22:16]} 8. O-O {[%clk 1:09:51]} Nf3+ {[%clk 1:12:54]} 9. Kh1
{[%clk 1:07:56]} Qd7 {[%clk 1:12:39]} 10. Nd5 {[%clk 0:49:18]} h5
{[%clk 1:04:58]} 11. Ne3 {[%clk 0:41:04]} h4 {[%clk 0:35:02]} 12. Nxg4
{[%clk 0:33:54]} Qxg4 {[%clk 0:35:01]} 13. Nf4 {[%clk 0:26:50]} Ne5
{[%clk 0:19:22]} 14. Qxg4 {[%clk 0:25:21]} Nxg4 {[%clk 0:19:46]} 15. Nd5
{[%clk 0:12:18]} Kd8 {[%clk 0:19:16]} 16. h3 {[%clk 0:07:20]} hxg3
{[%clk 0:17:06]} 17. fxg3 {[%clk 0:07:04]} N8f6 {[%clk 0:15:55]} 18. Bg5
{[%clk 0:04:09]} Nxd5 {[%clk 0:14:38]} 19. exd5 {[%clk 0:03:45]} Ne5
{[%clk 0:14:23]} 20. Rae1 {[%clk 0:03:22]} f6 {[%clk 0:13:55]} 21. Bc1
{[%clk 0:02:14]} Nxd3 {[%clk 0:14:00]} 22. Re6 {[%clk 0:02:03]} Bh6
{[%clk 0:11:15]} 23. Bxh6 {[%clk 0:01:55]} Rxh6 {[%clk 0:11:44]} 24. b3
{[%clk 0:01:57]} Ne5 {[%clk 0:11:13]} 25. Re1 {[%clk 0:01:03]} Kd7
{[%clk 0:07:21]} 26. Re2 {[%clk 0:00:47]} Rah8 {[%clk 0:07:37]} 27. h4 g5
{[%clk 0:07:38]} 28. Bh3 {[%clk 0:00:44]} Kd8 {[%clk 0:07:42]} 29. Kg2
{[%clk 0:00:34]} gxh4 {[%clk 0:08:02]} 0-1